000 00849nam a2200253Ia 4500
003 OSt
005 20220926010401.0
006 a|||||r|||| 00| 0
007 ta
008 220923b |||||||| |||| 00| 0 eng d
020 _a9788126544301
_c3395.75
037 _bABPL/AD/13-14/49, 19/03/2014, Anne Books Pvt Ltd
_cGeneral Book
040 _aRTL
_cRTL
_beng
041 _2eng
_aeng
082 _aXb4, P7/RR
100 _aALLEN Tammy D.
_9312227
245 0 _aBLACKWELL HANDBOOK of mentoring
_b A multiple perspectives approach.
260 _a New Delhi
_bWiley Blackwell
_c2014
300 _axxii, 496p
_ccm.
650 _aCommerce
700 _a EBY Lillian T.
_9312228
942 _hXb4, P7/RR
_cGB
_2CC
999 _c617138
_d617138